000 00720nam a2200205 a 4500
005 20140310183603.0
008 120802s19uu xx 00 eng d
020 _a9780194756242
050 _aPE 1128
_b.G6525 2011
100 _aGramer, Margot F.
245 _aQ:Skills for success :
_cMargot F. Gramer, Colin S. Ward.
_breading and writing 3 /
260 _aOxford, United Kingdom :
_bOxford University Press,
_c2011.
300 _a223 p. :
_bill. col. ;
_c25 cm.
650 _aEnglish language
_xTextbooks for foreign speakers
650 _aEnglish language
_xRhetoric
650 _aEnglish language
_xStudy and teaching
_xForeign speakers
700 _aWard, Colin S.
942 _cBK
_2lcc
_kFOR
999 _c25128
_d25128